[Event "Mercredi 2026.02.18 ABCD"]
[Site "Montreal CAN"]
[Date "2026.03.18"]
[Round "5"]
[White "Jacquet, Stephane"]
[Black "Mok, Yuen Tak"]
[Result "1-0"]
[WhiteElo "1987"]
[BlackElo "1933"]
[WhiteFideId "-1"]
[BlackFideId "-1"]
[PlyCount "71"]
[GameId "2289508457027451"]
[EventDate "2026.02.18"]
[EventType "tourn"]
[EventRounds "5"]
[EventCountry "CAN"]

1. d4 d5 2. c4 c6 3. Nc3 Nf6 4. Nf3 e6 5. cxd5 exd5 6. Bf4 Bd6 7. Ne5 Nh5 8. e3 Nxf4 9. exf4 O-O 10. Bd3 Qe7 11. O-O f6 12. Bxh7+ Kxh7 13. Qh5+ Kg8 14. Ng6 Qd7 15. Qh8+ Kf7 16. Nxf8 Bxf8 17. Rfe1 Qf5 18. Re3 Na6 19. Rae1 Nc7 20. Ne2 Bd7 21. Ng3 Qg6 22. Qh4 Bd6 23. h3 Re8 24. Nh5 Rxe3 25. Rxe3 Ne8 26. g4 Qb1+ 27. Kg2 Qxb2 28. g5 Qxd4 29. g6+ Kf8 30. Nxg7 Be5 31. Qh8+ Ke7 32. fxe5 fxe5 33. Nxe8 Bxh3+ 34. Qxh3 Kxe8 35. Qe6+ Kd8 36. g7 1-0

[Event "Mercredi 2026.02.18 ABCD"]
[Site "Montreal CAN"]
[Date "2026.03.18"]
[Round "5"]
[White "Pomerantz, Daniel"]
[Black "Charest, Johanne"]
[Result "1-0"]
[WhiteElo "1989"]
[BlackElo "1989"]
[WhiteFideId "-1"]
[BlackFideId "-1"]
[PlyCount "47"]
[GameId "2289508457027452"]
[EventDate "2026.02.18"]
[EventType "tourn"]
[EventRounds "5"]
[EventCountry "CAN"]

1. e4 e5 2. Nf3 Nc6 3. Bb5 Bc5 4. c3 Qf6 5. O-O Nge7 6. d3 h6 7. Qe2 O-O 8. Be3 Bb6 9. Nbd2 d6 10. Nc4 Bg4 11. Nxb6 axb6 12. h3 Bxf3 13. Qxf3 Qxf3 14. gxf3 d5 15. f4 d4 16. Bd2 Ng6 17. fxe5 Ncxe5 18. f4 dxc3 19. Bxc3 Nc6 20. d4 Rfd8 21. f5 Nge7 22. e5 Na5 23. f6 Ng6 24. fxg7 1-0

[Event "Mercredi 2026.02.18 ABCD"]
[Site "Montreal CAN"]
[Date "2026.02.18"]
[Round "1"]
[White "Nassif, Aba"]
[Black "Hartner, Rian"]
[Result "1-0"]
[WhiteElo "1918"]
[BlackElo "1880"]
[WhiteFideId "-1"]
[BlackFideId "-1"]
[PlyCount "125"]
[GameId "2289508457035645"]
[EventDate "2026.02.18"]
[EventType "tourn"]
[EventRounds "5"]
[EventCountry "CAN"]

1. d4 Nf6 2. Nc3 d5 3. Bf4 a6 4. e3 e6 5. g4 c5 6. g5 Nfd7 7. Qg4 Nc6 8. O-O-O b5 9. Bg2 Qa5 10. Nxd5 exd5 11. Bxd5 Qb6 12. Qf3 Bb7 13. Bxf7+ Kd8 14. dxc5 Bxc5 15. Qg4 Bc8 16. Nf3 Ra7 17. g6 h6 18. Rd2 Rf8 19. Rhd1 Be7 20. e4 Qa5 21. Qe6 Rc7 22. Kb1 Rh8 23. Qd5 Qb6 24. Be6 Ncb8 25. Bxc7+ Kxc7 26. Rd3 Nf6 27. Rc3+ Nc6 28. Qe5+ Kb7 29. Bxc8+ Rxc8 30. Qe6 Bb4 31. Rcd3 Qxf2 32. c3 Ba5 33. e5 Ne4 34. Qd5 Ng5 35. Nd4 Qxh2 36. e6 Qc7 37. Nf5 Rd8 38. Nd6+ Kb8 39. Qf5 Ne7 40. Qg4 Qc6 41. Nf7 Rxd3 42. Rxd3 Nxg6 43. Nxg5 hxg5 44. Qf5 Ne7 45. Qf8+ Nc8 46. e7 Qe4 47. e8=Q Qxd3+ 48. Kc1 Qc4 49. Kc2 b4 50. Qd6+ Bc7 51. Qxb4+ Qxb4 52. cxb4 g4 53. Qg6 g3 54. Qxa6 Nd6 55. Qc6 g6 56. a4 Nf5 57. Kd3 Nh4 58. Qe8+ Ka7 59. Qe7 Nf5 60. Qxc7+ Ka8 61. b5 g2 62. b6 g1=Q 63. Qa7# 1-0

[Event "Mercredi 2026.02.18 ABCD"]
[Site "Montreal CAN"]
[Date "2026.02.18"]
[Round "1"]
[White "Liao, Minyam"]
[Black "Barko, Maxim"]
[Result "1/2-1/2"]
[WhiteElo "1806"]
[BlackElo "1871"]
[WhiteFideId "-1"]
[BlackFideId "-1"]
[PlyCount "59"]
[GameId "2289508457035646"]
[EventDate "2026.02.18"]
[EventType "tourn"]
[EventRounds "5"]
[EventCountry "CAN"]

1. e4 e6 2. Nf3 d5 3. Nc3 d4 4. Ne2 c5 5. c3 dxc3 6. Nxc3 Nf6 7. d4 cxd4 8. Nxd4 Bc5 9. Bb5+ Bd7 10. Be3 a6 11. Bxd7+ Nbxd7 12. O-O O-O 13. Qe2 Rc8 14. Rfd1 Qc7 15. Rac1 Qb8 16. h3 b5 17. Nf3 Bb4 18. Bd2 Bd6 19. Bg5 Rfd8 20. Rxd6 Qxd6 21. e5 Nxe5 22. Nxe5 b4 23. Rd1 Qc5 24. Bxf6 gxf6 25. Qg4+ Kf8 26. Nd7+ Rxd7 27. Rxd7 bxc3 28. bxc3 Ke8 29. Qa4 Qb5 30. Qxb5 1/2-1/2

[Event "Mercredi 2026.02.18 ABCD"]
[Site "Montreal CAN"]
[Date "2026.02.18"]
[Round "1"]
[White "Singher, Jean-Pierre"]
[Black "Boudreau, Daniel"]
[Result "0-1"]
[WhiteElo "1897"]
[BlackElo "1890"]
[WhiteFideId "-1"]
[BlackFideId "-1"]
[PlyCount "58"]
[GameId "2289508457035647"]
[EventDate "2026.02.18"]
[EventType "tourn"]
[EventRounds "5"]
[EventCountry "CAN"]

1. d4 d5 2. c4 Nf6 3. cxd5 Nxd5 4. e4 Nf6 5. Nc3 e6 6. Nf3 Bb4 7. Bd3 c5 8. O-O cxd4 9. e5 Nfd7 10. Ne4 Nc6 11. Bg5 Qb6 12. a3 Bf8 13. Qa4 h6 14. Bh4 g5 15. Bg3 a6 16. b4 Qa7 17. Rac1 g4 18. Nh4 Be7 19. f4 Nb6 20. Qd1 Rg8 21. f5 Nd5 22. fxe6 Bxe6 23. Qe2 Ne3 24. Nf6+ Bxf6 25. Rxf6 O-O-O 26. a4 Kb8 27. b5 axb5 28. axb5 Nb4 29. Kh1 Qa3 0-1

[Event "Mercredi 2026.02.18 ABCD"]
[Site "Montreal CAN"]
[Date "2026.02.25"]
[Round "2"]
[White "Barko, Maxim"]
[Black "Hartner, Rian"]
[Result "1-0"]
[WhiteElo "1871"]
[BlackElo "1880"]
[WhiteFideId "-1"]
[BlackFideId "-1"]
[PlyCount "85"]
[GameId "2289508457035648"]
[EventDate "2026.02.18"]
[EventType "tourn"]
[EventRounds "5"]
[EventCountry "CAN"]

1. d4 Nf6 2. Bf4 d5 3. e3 c5 4. c3 cxd4 5. exd4 Nc6 6. Nd2 Bf5 7. Qb3 Qd7 8. Ngf3 a6 9. Nh4 Bg6 10. Nxg6 hxg6 11. Bd3 e6 12. h3 Be7 13. Qd1 Rc8 14. Qe2 Na5 15. O-O O-O 16. g4 Ne8 17. Nf3 Nd6 18. Kg2 Nc6 19. Rae1 b5 20. h4 Rfe8 21. Rh1 e5 22. Nxe5 Nxe5 23. dxe5 Nc4 24. e6 Qxe6 25. Qxe6 fxe6 26. Rxe6 Rf8 27. Bc1 Bc5 28. Rf1 a5 29. Bxg6 b4 30. h5 bxc3 31. bxc3 Bd6 32. Rfe1 Bc5 33. R1e2 Nd6 34. a4 Nc4 35. Ra6 Bb6 36. Bd3 Rf6 37. g5 Rfc6 38. Bxc4 dxc4 39. Be3 Bxe3 40. Rxc6 Rxc6 41. Rxe3 Rc5 42. f4 Kf7 43. Re5 1-0

[Event "Mercredi 2026.02.18 ABCD"]
[Site "Montreal CAN"]
[Date "2026.02.25"]
[Round "2"]
[White "Liao, Minyam"]
[Black "Singher, Jean-Pierre"]
[Result "0-1"]
[WhiteElo "1806"]
[BlackElo "1897"]
[WhiteFideId "-1"]
[BlackFideId "-1"]
[PlyCount "62"]
[GameId "2289508457035649"]
[EventDate "2026.02.18"]
[EventType "tourn"]
[EventRounds "5"]
[EventCountry "CAN"]

1. e4 c5 2. Nc3 Nc6 3. Bb5 Nd4 4. Bc4 d6 5. Nge2 Nf6 6. d3 g6 7. Nxd4 cxd4 8. Ne2 Qb6 9. O-O Bg7 10. a4 O-O 11. h3 Bd7 12. a5 Qc5 13. c3 dxc3 14. Nxc3 e6 15. Be3 Qb4 16. Ra3 Bc6 17. Qb3 Qxb3 18. Rxb3 Rfd8 19. Bb5 d5 20. exd5 Nxd5 21. Bxc6 Nxe3 22. fxe3 bxc6 23. Rb7 f5 24. d4 e5 25. dxe5 Bxe5 26. Rd1 Rxd1+ 27. Nxd1 Rd8 28. Nc3 Rd2 29. Na4 Bg3 30. Kf1 Rf2+ 31. Kg1 Re2 0-1

[Event "Mercredi 2026.02.18 ABCD"]
[Site "Montreal CAN"]
[Date "2026.02.25"]
[Round "2"]
[White "Boudreau, Daniel"]
[Black "Nassif, Aba"]
[Result "1-0"]
[WhiteElo "1890"]
[BlackElo "1897"]
[WhiteFideId "-1"]
[BlackFideId "-1"]
[PlyCount "69"]
[GameId "2289508457035650"]
[EventDate "2026.02.18"]
[EventType "tourn"]
[EventRounds "5"]
[EventCountry "CAN"]

1. e4 e5 2. Nc3 Nc6 3. Bc4 d6 4. f4 exf4 5. Nf3 g5 6. h3 Bg7 7. d4 f5 8. Ne5 dxe5 9. Qh5+ Kd7 10. dxe5 Nxe5 11. Bxf4 Nxc4 12. O-O-O+ Nd6 13. Bxd6 cxd6 14. Rxd6+ Kxd6 15. Rd1+ Ke7 16. Rxd8 Kxd8 17. Nd5 h6 18. Qf7 Be5 19. Qf8+ Kd7 20. Qxf5+ Kd6 21. Qf8+ Ke6 22. Qe8+ Kd6 23. Qf8+ Kd7 24. Qf5+ Kd6 25. Qf8+ Kc6 26. Qe8+ Kd6 27. Qf8+ Kd7 28. Qf5+ Kd8 29. Qxe5 Rh7 30. Qd6+ Ke8 31. Qg6+ Rf7 32. Qxg8+ Rf8 33. Nc7+ Ke7 34. Qg7+ Rf7 35. Qe5+ 1-0

[Event "Mercredi 2026.02.18 ABCD"]
[Site "Montreal CAN"]
[Date "2026.02.28"]
[Round "3"]
[White "Nassif, Aba"]
[Black "Liao, Minyam"]
[Result "1-0"]
[WhiteElo "1918"]
[BlackElo "1806"]
[WhiteFideId "-1"]
[BlackFideId "-1"]
[PlyCount "103"]
[GameId "2289508457035651"]
[EventDate "2026.02.18"]
[EventType "tourn"]
[EventRounds "5"]
[EventCountry "CAN"]

1. d4 d5 2. Nc3 Nf6 3. Bf4 c5 4. e4 Nxe4 5. Bb5+ Nc6 6. Nxe4 dxe4 7. Ne2 e6 8. O-O Be7 9. c4 Bd7 10. d5 exd5 11. cxd5 Nb4 12. Nc3 a6 13. Be2 Bf5 14. Bg3 Bd6 15. a3 Nd3 16. Nxe4 Bxe4 17. Qa4+ Kf8 18. Qxe4 c4 19. Qxc4 Ne5 20. Qb3 Rb8 21. Rac1 h5 22. h3 h4 23. Bh2 Rh6 24. Qe3 f6 25. Bf4 g5 26. Bh2 Qe7 27. Qe4 Ng6 28. Bxd6 Qxd6 29. Bg4 Nf4 30. Rfd1 Re8 31. Qf5 Rh8 32. Rc8 Kg7 33. Rxe8 Rxe8 34. Bf3 Ng6 35. Bh5 Ne7 36. Qe4 Rd8 37. Re1 Rd7 38. Bf3 Ng6 39. Qf5 Ne7 40. Qd3 Ng6 41. Qf5 Ne5 42. Be4 Kf8 43. Rc1 Rd8 44. b4 Nf7 45. Rd1 Ne5 46. f4 gxf4 47. Qxf4 Nf7 48. Qxh4 Qe5 49. Rf1 Ng5 50. Qh8+ Ke7 51. Qg7+ Kd6 52. Rxf6+ 1-0

[Event "Mercredi 2026.02.18 ABCD"]
[Site "Montreal CAN"]
[Date "2026.03.04"]
[Round "3"]
[White "Singher, Jean-Pierre"]
[Black "Barko, Maxim"]
[Result "0-1"]
[WhiteElo "1897"]
[BlackElo "1871"]
[WhiteFideId "-1"]
[BlackFideId "-1"]
[PlyCount "156"]
[GameId "2289508457052036"]
[EventDate "2026.02.18"]
[EventType "tourn"]
[EventRounds "5"]
[EventCountry "CAN"]

1. Nf3 Nf6 2. d4 d6 3. g3 g6 4. Bg2 Bg7 5. O-O O-O 6. Re1 Nbd7 7. e4 e5 8. Nc3 c6 9. a4 a5 10. b3 exd4 11. Nxd4 Nc5 12. h3 Re8 13. Ba3 Qb6 14. Qd2 Bd7 15. Rad1 Rad8 16. Kh2 Bc8 17. f3 h5 18. h4 Kh7 19. Bc1 Qc7 20. Qf2 Ncd7 21. Bg5 Ne5 22. Qd2 Qb6 23. Rf1 Qc5 24. Bh3 Bxh3 25. Kxh3 Rd7 26. Be3 Qb4 27. Nce2 Qxd2 28. Bxd2 d5 29. exd5 Nxd5 30. Kg2 Rde7 31. c4 Nb4 32. Bxb4 axb4 33. Nf4 Nd7 34. Nc2 Nc5 35. Nd3 Nxb3 36. Ndxb4 Nc5 37. a5 Ra8 38. Rfe1 Rxe1 39. Rxe1 Rxa5 40. Re7 Kg8 41. g4 hxg4 42. fxg4 Kf8 43. Re3 Ne6 44. Kf3 Rc5 45. Re4 Bc3 46. Nd3 Ra5 47. g5 Ra2 48. Ne3 Ra5 49. Nf4 Nxf4 50. Kxf4 Rc5 51. Kg4 Bd2 52. Nf1 Bc1 53. Ng3 b5 54. cxb5 cxb5 55. Rb4 Bd2 56. Rd4 Rc4 57. Rxc4 bxc4 58. h5 gxh5+ 59. Kxh5 c3 60. Kg4 Kg7 61. Nf5+ Kf8 62. Nd4 Ke7 63. Kf5 Be3 64. Nc2 Bc1 65. g6 fxg6+ 66. Kxg6 Ke6 67. Nb4 Bd2 68. Kh5 Kf5 69. Kh4 Ke4 70. Kg4 Bh6 71. Kg3 Bf8 72. Na2 c2 73. Kf2 Kd3 74. Nc1+ Kd2 75. Nb3+ Kc3 76. Nc1 Bh6 77. Ne2+ Kd2 78. Kf3 Be3 0-1

[Event "Mercredi 2026.02.18 ABCD"]
[Site "Montreal CAN"]
[Date "2026.03.17"]
[Round "3"]
[White "Hartner, Rian"]
[Black "Boudreau, Daniel"]
[Result "1-0"]
[WhiteElo "1880"]
[BlackElo "1890"]
[WhiteFideId "-1"]
[BlackFideId "-1"]
[PlyCount "105"]
[GameId "2289508457052037"]
[EventDate "2026.02.18"]
[EventType "tourn"]
[EventRounds "5"]
[EventCountry "CAN"]

1. e4 c6 2. d4 d5 3. e5 c5 4. dxc5 e6 5. a3 Bxc5 6. Nf3 f6 7. b4 Be7 8. Bb2 Nh6 9. Bd3 Nf7 10. O-O O-O 11. Nbd2 a5 12. b5 Nd7 13. exf6 Bxf6 14. Bxf6 Qxf6 15. c4 Nfe5 16. Be2 b6 17. cxd5 exd5 18. Rc1 Kh8 19. Nxe5 Nxe5 20. Nf3 Bb7 21. Rc7 Rab8 22. Qa1 Nxf3+ 23. Bxf3 Qxa1 24. Rxa1 Ba8 25. Kf1 h6 26. Rac1 Kh7 27. Ke2 Rbd8 28. Kd3 Kg6 29. Re1 Kf6 30. Rce7 Rd6 31. Re8 Rxe8 32. Rxe8 Bb7 33. Kd4 Rd7 34. Bg4 Rc7 35. f3 Rc4+ 36. Kd3 Kf7 37. Rd8 Rc7 38. Rd6 Bc8 39. Bxc8 Rxc8 40. Rxb6 Rc4 41. Ra6 Ra4 42. b6 Rxa3+ 43. Kd4 Ke7 44. Kxd5 Rb3 45. Kc6 Rc3+ 46. Kb7 Kd7 47. Rxa5 Rb3 48. Rd5+ Ke6 49. Rd2 g5 50. Kc7 Rc3+ 51. Kb8 Kf5 52. b7 Kf4 53. Ra2 1-0

[Event "Mercredi 2026.02.18 ABCD"]
[Site "Montreal CAN"]
[Date "2026.03.11"]
[Round "4"]
[White "Singher, Jean-Pierre"]
[Black "Nassif, Aba"]
[Result "1-0"]
[WhiteElo "1897"]
[BlackElo "1918"]
[WhiteFideId "-1"]
[BlackFideId "-1"]
[PlyCount "95"]
[GameId "2289508457052038"]
[EventDate "2026.02.18"]
[EventType "tourn"]
[EventRounds "5"]
[EventCountry "CAN"]

1. d4 f5 2. Nc3 Nf6 3. Bg5 d5 4. f3 g6 5. e4 dxe4 6. fxe4 fxe4 7. Bc4 Nc6 8. Nge2 Na5 9. Bb5+ c6 10. Ba4 b5 11. Bb3 Nxb3 12. axb3 Bg7 13. O-O O-O 14. Qd2 Bf5 15. h3 b4 16. Na4 Nd5 17. g4 e3 18. Bxe3 Nxe3 19. Qxe3 Bc8 20. Rxf8+ Bxf8 21. Nc5 Qd6 22. Rf1 Bg7 23. c3 e5 24. Ng3 h6 25. Nge4 exd4 26. Qd3 Qe5 27. Qc4+ Kh8 28. Qf7 Ba6 29. Re1 d3 30. Qxg6 d2 31. Rd1 bxc3 32. bxc3 Be2 33. Rxd2 Bf3 34. Rd6 Re8 35. Rd4 a5 36. Ra4 Rd8 37. Ra1 Qf4 38. Qxg7+ Kxg7 39. Ne6+ Kg8 40. Nxf4 Bxe4 41. Kf2 Rb8 42. Rxa5 Rxb3 43. Ke3 Bh1 44. Kd4 Kf7 45. Ra1 Bd5 46. Nxd5 cxd5 47. Ra5 Ke6 48. Ra6+ 1-0

[Event "Mercredi 2026.02.18 ABCD"]
[Site "Montreal CAN"]
[Date "2026.03.11"]
[Round "4"]
[White "Barko, Maxim"]
[Black "Boudreau, Daniel"]
[Result "0-1"]
[WhiteElo "1871"]
[BlackElo "1890"]
[WhiteFideId "-1"]
[BlackFideId "-1"]
[PlyCount "92"]
[GameId "2289508457052039"]
[EventDate "2026.02.18"]
[EventType "tourn"]
[EventRounds "5"]
[EventCountry "CAN"]

1. d4 d5 2. Bf4 Nf6 3. e3 e6 4. Nd2 Bd6 5. Ngf3 O-O 6. Bd3 c5 7. c3 b6 8. O-O Ba6 9. Bxa6 Nxa6 10. Qe2 Nb8 11. Rfd1 cxd4 12. Bxd6 Qxd6 13. Nxd4 Nbd7 14. Rac1 a6 15. c4 Rfc8 16. cxd5 Rxc1 17. Rxc1 Qxd5 18. N2b3 Kf8 19. h3 b5 20. Qc2 e5 21. Nf3 Qd6 22. Rd1 Qb6 23. Qf5 Qe6 24. Qc2 Qb6 25. Qc3 Re8 26. Qb4+ Kg8 27. Rd6 Qa7 28. Na5 Nb8 29. Qc3 Ne4 30. Qxe5 Nxd6 31. Qxd6 Qe7 32. Qxe7 Rxe7 33. Nd4 Rc7 34. Kf1 Rc1+ 35. Ke2 Rb1 36. Kf3 Rxb2 37. a3 Ra2 38. Nab3 Rxa3 39. Nc5 Kf8 40. Ke4 Ra2 41. Nd3 g6 42. g4 Ke7 43. h4 f6 44. h5 Kd6 45. f3 Nd7 46. Nf4 Nc5# 0-1

[Event "Mercredi 2026.02.18 ABCD"]
[Site "Montreal CAN"]
[Date "2026.03.11"]
[Round "4"]
[White "Liao, Minyam"]
[Black "Hartner, Rian"]
[Result "0-1"]
[WhiteElo "1806"]
[BlackElo "1880"]
[WhiteFideId "-1"]
[BlackFideId "-1"]
[PlyCount "98"]
[GameId "2289508457052040"]
[EventDate "2026.02.18"]
[EventType "tourn"]
[EventRounds "5"]
[EventCountry "CAN"]

1. e4 c6 2. d4 d5 3. e5 c5 4. Nf3 cxd4 5. Nxd4 Nc6 6. Nxc6 bxc6 7. Bd3 e6 8. Nd2 Ne7 9. Nf3 Ng6 10. O-O Be7 11. Bd2 O-O 12. b4 Rb8 13. Rb1 Bd7 14. g3 c5 15. bxc5 Rxb1 16. Qxb1 Qc7 17. Be3 Rb8 18. Qa1 Bxc5 19. Bxc5 Qxc5 20. Rb1 Rb6 21. Rb3 Bb5 22. Bxb5 Rxb5 23. Rc3 Qf8 24. Rc7 Rc5 25. Rxa7 Qb8 26. Ra3 Rxc2 27. Rb3 Qa7 28. Qd4 Qxd4 29. Nxd4 Rxa2 30. Rb8+ Nf8 31. Nc6 g6 32. Rb7 Ra8 33. Kg2 Kg7 34. Kf3 Rc8 35. Nd4 g5 36. Nb5 Ng6 37. Kg4 h6 38. Rxf7+ Kxf7 39. Nd6+ Kg7 40. Nxc8 Nxe5+ 41. Kh5 d4 42. Nd6 d3 43. Ne4 Nd7 44. Kg4 Nf6+ 45. Nxf6 d2 46. Ne4 d1=Q+ 47. f3 Qd5 48. Kh5 Qf5 49. g4 Qg6# 0-1

[Event "Mercredi 2026.02.18 ABCD"]
[Site "Montreal CAN"]
[Date "2026.03.18"]
[Round "5"]
[White "Hartner, Rian"]
[Black "Singher, Jean-Pierre"]
[Result "0-1"]
[WhiteElo "1880"]
[BlackElo "1897"]
[WhiteFideId "-1"]
[BlackFideId "-1"]
[PlyCount "120"]
[GameId "2289508457052041"]
[EventDate "2026.02.18"]
[EventType "tourn"]
[EventRounds "5"]
[EventCountry "CAN"]

1. e4 c5 2. Nf3 Nc6 3. d4 cxd4 4. Nxd4 e5 5. Nb5 d6 6. N1c3 a6 7. Na3 Be7 8. Nc4 b5 9. Ne3 Nf6 10. Bd3 Nb4 11. Be2 Be6 12. a3 Nc6 13. Ned5 Nd4 14. Bd3 Nxd5 15. Nxd5 O-O 16. Be3 Bg5 17. f4 Bh6 18. O-O f5 19. a4 Rb8 20. axb5 axb5 21. Ra6 b4 22. Bc4 fxe4 23. Bxd4 exd4 24. Qxd4 Kh8 25. Qxe4 Bf5 26. Qe2 Re8 27. Qf2 g6 28. Qd2 Bg7 29. Nxb4 Qc7 30. Rc6 Qa7+ 31. Kh1 Qa4 32. c3 Rxb4 33. Ra6 Rxb2 34. Qxb2 Qxc4 35. Raa1 Bxc3 36. Qc1 d5 37. Ra3 Qxf1+ 38. Qxf1 Re1 39. Qxe1 Bxe1 40. Ra8+ Kg7 41. Rd8 Be4 42. Kg1 h5 43. g3 Bb4 44. Kf2 d4 45. h3 Bf5 46. Kf3 Bc3 47. g4 hxg4+ 48. hxg4 Bc2 49. Ke2 d3+ 50. Rxd3 Bxd3+ 51. Kxd3 Ba5 52. Ke4 Kf6 53. Kd5 Bc7 54. f5 g5 55. Kc6 Be5 56. Kd7 Bg3 57. Ke8 Be1 58. Kf8 Bb4+ 59. Kg8 Ke5 60. Kg7 Kf4 0-1

[Event "Mercredi 2026.02.18 ABCD"]
[Site "Montreal CAN"]
[Date "2026.03.18"]
[Round "5"]
[White "Nassif, Aba"]
[Black "Barko, Maxim"]
[Result "0-1"]
[WhiteElo "1918"]
[BlackElo "1871"]
[WhiteFideId "-1"]
[BlackFideId "-1"]
[PlyCount "108"]
[GameId "2289508457064330"]
[EventDate "2026.02.18"]
[EventType "tourn"]
[EventRounds "5"]
[EventCountry "CAN"]

1. e4 e6 2. d4 d5 3. e5 c5 4. c3 Nc6 5. Nf3 Nge7 6. Bd3 cxd4 7. cxd4 Nf5 8. Bc2 Qb6 9. O-O Nfxd4 10. Ba4 Nxf3+ 11. Qxf3 Bd7 12. Nc3 h5 13. Bf4 a6 14. Rfd1 Qd8 15. h3 Qh4 16. Rac1 Be7 17. a3 Bd8 18. Rd2 Bb6 19. b4 Rc8 20. Rcd1 Rd8 21. b5 Na5 22. bxa6 bxa6 23. Rb2 Nc4 24. Bg3 Qe7 25. Rb4 Bxa4 26. Nxa4 Ba5 27. Rbb1 Nd2 28. Qf4 g5 29. Qe3 Nxb1 30. Rxb1 Kf8 31. h4 gxh4 32. Bf4 Rg8 33. Bh6+ Ke8 34. f4 Rc8 35. Bg5 Qc7 36. Kh2 Qc2 37. Nb6 Bxb6 38. Qxb6 Rg6 39. Qxa6 h3 40. Rb2 Qc1 41. Qb5+ Kf8 42. a4 Kg8 43. Kxh3 Qh1+ 44. Kg3 Rc3+ 45. Kf2 Qc1 46. Qe8+ Kg7 47. Bf6+ Rxf6 48. exf6+ Kxf6 49. Qh8+ Ke7 50. Rb7+ Rc7 51. Qb8 Qxf4+ 52. Kg1 Qc1+ 53. Kh2 Kd7 54. a5 Rxb7 0-1

[Event "Mercredi 2026.02.18 ABCD"]
[Site "Montreal CAN"]
[Date "2026.03.18"]
[Round "5"]
[White "Boudreau, Daniel"]
[Black "Liao, Minyam"]
[Result "1-0"]
[WhiteElo "1890"]
[BlackElo "1806"]
[WhiteFideId "-1"]
[BlackFideId "-1"]
[PlyCount "53"]
[GameId "2289508457064331"]
[EventDate "2026.02.18"]
[EventType "tourn"]
[EventRounds "5"]
[EventCountry "CAN"]

1. e4 c5 2. Nf3 e6 3. d4 cxd4 4. Nxd4 Nc6 5. Nc3 Qc7 6. Ncb5 Qb8 7. Bd3 Nf6 8. O-O a6 9. Nxc6 dxc6 10. Nd4 Be7 11. Qe2 O-O 12. e5 Nd5 13. c4 Nb4 14. Bb1 c5 15. Nf3 Nc6 16. Re1 f5 17. exf6 Bxf6 18. Ng5 g6 19. Nxh7 Kxh7 20. Qh5+ Kg8 21. Qxg6+ Bg7 22. Qh7+ Kf7 23. Bg6+ Kf6 24. Bg5+ Kxg5 25. Qxg7 Rxf2 26. Bd3+ Kh4 27. Qh6+ 1-0

[Event "Mercredi 2026.02.18 ABCD"]
[Site "Montreal CAN"]
[Date "2026.02.18"]
[Round "1"]
[White "Beaulieu, Pierre"]
[Black "Plante, Michel"]
[Result "1/2-1/2"]
[WhiteElo "1704"]
[BlackElo "1800"]
[WhiteFideId "-1"]
[BlackFideId "-1"]
[PlyCount "120"]
[GameId "2289508457064332"]
[EventDate "2026.02.18"]
[EventType "tourn"]
[EventRounds "5"]
[EventCountry "CAN"]

1. Nf3 d6 2. d4 Nf6 3. g3 Nbd7 4. Bg2 e5 5. c4 Be7 6. Nc3 c6 7. O-O O-O 8. b3 Re8 9. h3 e4 10. Ne1 d5 11. Nc2 Nb6 12. c5 Nbd7 13. Bg5 h6 14. Bxf6 Bxf6 15. e3 Nxc5 16. Qd2 Ne6 17. Qe2 a5 18. Rfd1 b5 19. Rac1 Qd7 20. Ne1 Nd8 21. Qc2 Re6 22. Ne2 g5 23. g4 Be7 24. Ng3 Ba3 25. Rb1 Nb7 26. Qe2 Rf6 27. Nc2 Bd6 28. Nh5 Rg6 29. f3 exf3 30. Qxf3 Be7 31. Rf1 Nd6 32. Rf2 Ra7 33. Rbf1 Bd8 34. Qe2 Qe8 35. Nf6+ Bxf6 36. Rxf6 Ne4 37. Rxg6+ fxg6 38. Bxe4 Qxe4 39. Qf2 Qe8 40. Qf6 Re7 41. Qd6 Re6 42. Qc7 Qd7 43. Qxa5 h5 44. Qb4 Qd6 45. Qxd6 Rxd6 46. a4 bxa4 47. bxa4 hxg4 48. hxg4 Bxg4 49. Ra1 Rd8 50. a5 Ra8 51. Nb4 Bd7 52. Kf2 Kf7 53. Nd3 Ke6 54. Nc5+ Kd6 55. Rb1 Rc8 56. Ra1 Kc7 57. Kg3 Bf5 58. Ra3 Ra8 59. Ra1 Ra7 60. Ra3 Ra8 1/2-1/2

[Event "Mercredi 2026.02.18 ABCD"]
[Site "Montreal CAN"]
[Date "2026.02.18"]
[Round "1"]
[White "Ramos, Heidi"]
[Black "Poncsak, Juliette"]
[Result "1-0"]
[WhiteElo "1708"]
[BlackElo "1675"]
[WhiteFideId "-1"]
[BlackFideId "-1"]
[PlyCount "41"]
[GameId "2289508457076621"]
[EventDate "2026.02.18"]
[EventType "tourn"]
[EventRounds "5"]
[EventCountry "CAN"]

1. d4 f5 2. c4 c6 3. Nf3 e6 4. Nc3 d5 5. cxd5 exd5 6. Bf4 Nd7 7. Qc2 Ndf6 8. e3 Ne4 9. Bd3 Ngf6 10. Ne5 Be7 11. f3 Nxc3 12. bxc3 Qa5 13. O-O Nh5 14. Bxf5 Bxf5 15. Qxf5 Nxf4 16. exf4 Qxc3 17. Rad1 g6 18. Qf7+ Kd8 19. Qe6 Ke8 20. Rfe1 Qb4 21. Nf7 1-0

[Event "Mercredi 2026.02.18 ABCD"]
[Site "Montreal CAN"]
[Date "2026.02.18"]
[Round "1"]
[White "Nardone, Raul"]
[Black "Allaire, Denis"]
[Result "0-1"]
[WhiteElo "1655"]
[BlackElo "1720"]
[WhiteFideId "-1"]
[BlackFideId "-1"]
[PlyCount "62"]
[GameId "2289508457080718"]
[EventDate "2026.02.18"]
[EventType "tourn"]
[EventRounds "5"]
[EventCountry "CAN"]

1. d4 Nf6 2. c4 c5 3. d5 b5 4. Qc2 b4 5. e4 d6 6. Be2 g6 7. Nf3 Nbd7 8. O-O Bg7 9. h3 O-O 10. Bf4 Qc7 11. Rd1 a5 12. Nbd2 a4 13. Rab1 Re8 14. Nf1 Nb6 15. Ne3 Bb7 16. e5 Nh5 17. exd6 exd6 18. Bh2 Qe7 19. Bd3 Bc8 20. Re1 Qf6 21. Ng4 Bxg4 22. hxg4 Nf4 23. Rxe8+ Rxe8 24. g5 Nh3+ 25. Kf1 Nxg5 26. Nxg5 Qxg5 27. Bxd6 Bd4 28. Bg3 h5 29. Bc7 b3 30. axb3 axb3 31. Qxb3 Qh4 0-1

[Event "Mercredi 2026.02.18 ABCD"]
[Site "Montreal CAN"]
[Date "2026.02.25"]
[Round "2"]
[White "Allaire, Denis"]
[Black "Plante, Michel"]
[Result "1-0"]
[WhiteElo "1720"]
[BlackElo "1800"]
[WhiteFideId "-1"]
[BlackFideId "-1"]
[PlyCount "71"]
[GameId "2289508457084815"]
[EventDate "2026.02.18"]
[EventType "tourn"]
[EventRounds "5"]
[EventCountry "CAN"]

1. g3 d6 2. Bg2 e5 3. c4 f5 4. Nf3 Nc6 5. O-O Nf6 6. d4 e4 7. Ng5 Be7 8. Nc3 O-O 9. f3 h6 10. Nh3 exf3 11. exf3 g5 12. d5 Nb8 13. Qc2 Qe8 14. Nb5 Bd8 15. Nd4 Nh5 16. Bd2 Ng7 17. Rae1 Qf7 18. Rf2 c5 19. Nb5 Ne8 20. Rfe2 Bd7 21. Rxe8 Rxe8 22. Rxe8+ Qxe8 23. Nxd6 Qf8 24. Nxb7 Bf6 25. f4 Bd4+ 26. Kf1 g4 27. Nf2 Na6 28. Nd3 Re8 29. Bc3 Qf6 30. Ne5 Rxe5 31. fxe5 Qxe5 32. Nd8 Nb4 33. Bxd4 Qxd4 34. Qe2 Nxa2 35. Ne6 Ba4 36. Nxd4 1-0

[Event "Mercredi 2026.02.18 ABCD"]
[Site "Montreal CAN"]
[Date "2026.02.25"]
[Round "2"]
[White "Nardone, Raul"]
[Black "Ramos, Heidi"]
[Result "0-1"]
[WhiteElo "1655"]
[BlackElo "1708"]
[WhiteFideId "-1"]
[BlackFideId "-1"]
[PlyCount "60"]
[GameId "2289508457084816"]
[EventDate "2026.02.18"]
[EventType "tourn"]
[EventRounds "5"]
[EventCountry "CAN"]

1. d4 Nf6 2. Nf3 e6 3. g3 d5 4. Bg2 c5 5. c4 Nc6 6. cxd5 exd5 7. O-O Qb6 8. Nc3 Be6 9. dxc5 Bxc5 10. Na4 Qb5 11. Nxc5 Qxc5 12. Be3 Qd6 13. Rc1 b6 14. Bf4 Qd7 15. Ne5 Nxe5 16. Bxe5 O-O 17. Bxf6 gxf6 18. Qd4 Kg7 19. Qf4 Rac8 20. Rfd1 Qb5 21. b3 Qxe2 22. Bf3 Qxa2 23. Bg4 Qxb3 24. Bxe6 fxe6 25. Qg4+ Kf7 26. Qh5+ Ke7 27. Ra1 Rc7 28. Qxh7+ Rf7 29. Qh8 Qc4 30. Qb8 Rf8 0-1